000 00210nam a22000857a 4500
999 _c7101
_d7101
008 170626b xxu||||| |||| 00| 0 eng d
020 _a9788120335189
100 _93685
_aBhatnagor. S
245 _aComputer Science XII
260 _aNew Delhi
_c2008